<?xml version="1.0" encoding="UTF-8"?>
<record
    xmlns:xsi="http://www.w3.org/2001/XMLSchema-instance"
    xsi:schemaLocation="http://www.loc.gov/MARC21/slim http://www.loc.gov/standards/marcxml/schema/MARC21slim.xsd"
    xmlns="http://www.loc.gov/MARC21/slim">

  <leader>01017nam a2200169 a 4500</leader>
  <controlfield tag="001">000032066</controlfield>
  <controlfield tag="005">20200930063412.0</controlfield>
  <controlfield tag="008">110712s2000    dr a          000 0 spa d</controlfield>
  <datafield tag="040" ind1=" " ind2=" ">
    <subfield code="a">DO-SdBNP</subfield>
    <subfield code="b">spa</subfield>
    <subfield code="c">BNPHU</subfield>
  </datafield>
  <datafield tag="082" ind1=" " ind2=" ">
    <subfield code="a">xxxx</subfield>
    <subfield code="b">M294</subfield>
  </datafield>
  <datafield tag="111" ind1="2" ind2=" ">
    <subfield code="a">Jornada Estudiantil</subfield>
    <subfield code="d">(2000, oct. 27 :</subfield>
    <subfield code="c">Santo Domingo)</subfield>
    <subfield code="9">58192</subfield>
  </datafield>
  <datafield tag="245" ind1="1" ind2="0">
    <subfield code="a">Manual Te&#xF3;rico-pr&#xE1;ctico el estudiante exitoso y saludable.</subfield>
  </datafield>
  <datafield tag="260" ind1=" " ind2=" ">
    <subfield code="a">Santo Domingo :</subfield>
    <subfield code="b">Centro Profesional Psic&#xF3;logos Unidos,</subfield>
    <subfield code="c">2000.</subfield>
  </datafield>
  <datafield tag="300" ind1=" " ind2=" ">
    <subfield code="a">30 p. :</subfield>
    <subfield code="b">il. , retr. ;</subfield>
    <subfield code="c">28 cm.</subfield>
  </datafield>
  <datafield tag="505" ind1="0" ind2=" ">
    <subfield code="t">La motivaci&#xF3;n en el rendimiento escolar /</subfield>
    <subfield code="r">Luis Verg&#xE9;s ;</subfield>
    <subfield code="t">La concentraci&#xF3;n: factor clave de &#xE9;xito escolar /</subfield>
    <subfield code="r">Alexis Rodr&#xED;guez ;</subfield>
    <subfield code="t">Autoestima y rendimiento escolar /</subfield>
    <subfield code="r">Francisco Javier Burgos Abreu ;</subfield>
    <subfield code="t">H&#xE1;bitos y m&#xE9;todos de estudio /</subfield>
    <subfield code="r">Puro C. Blanco ;</subfield>
    <subfield code="t">Proyecto de vida /</subfield>
    <subfield code="r">Puro C. Blanco ;</subfield>
    <subfield code="t">Los valores humanos en el rendimiento escolar /</subfield>
    <subfield code="r">Daniel P&#xE9;rez Quir&#xF3;z ;</subfield>
    <subfield code="t">La salud y el desarrollo de la personalidad /</subfield>
    <subfield code="r">Milagros Peralta ;</subfield>
    <subfield code="t">La efectividad en las aulas /</subfield>
    <subfield code="r">Rosa Ariza.</subfield>
  </datafield>
  <datafield tag="049" ind1=" " ind2=" ">
    <subfield code="a">BNPD</subfield>
  </datafield>
  <datafield tag="952" ind1=" " ind2=" ">
    <subfield code="0">0</subfield>
    <subfield code="1">0</subfield>
    <subfield code="7">1</subfield>
    <subfield code="8">PD</subfield>
    <subfield code="a">PD</subfield>
    <subfield code="b">PD</subfield>
    <subfield code="c">CT</subfield>
    <subfield code="d">2011-07-12</subfield>
    <subfield code="i">LF1</subfield>
    <subfield code="l">0</subfield>
    <subfield code="o">xxxx M294</subfield>
    <subfield code="p">32066-10</subfield>
    <subfield code="r">2020-06-25</subfield>
    <subfield code="w">2020-06-25</subfield>
    <subfield code="y">LFPD</subfield>
    <subfield code="Z">No se presta</subfield>
  </datafield>
  <datafield tag="952" ind1=" " ind2=" ">
    <subfield code="0">0</subfield>
    <subfield code="1">0</subfield>
    <subfield code="7">1</subfield>
    <subfield code="8">PD</subfield>
    <subfield code="a">PD</subfield>
    <subfield code="b">PD</subfield>
    <subfield code="c">CT</subfield>
    <subfield code="d">2011-07-12</subfield>
    <subfield code="i">LF1</subfield>
    <subfield code="l">0</subfield>
    <subfield code="o">xxxx M294</subfield>
    <subfield code="p">32066-20</subfield>
    <subfield code="r">2020-06-25</subfield>
    <subfield code="t">e. 2</subfield>
    <subfield code="w">2020-06-25</subfield>
    <subfield code="y">LFPD</subfield>
    <subfield code="Z">No se presta</subfield>
  </datafield>
  <datafield tag="999" ind1=" " ind2=" ">
    <subfield code="c">31557</subfield>
    <subfield code="d">31557</subfield>
  </datafield>
</record>
